Premières paroles - Gims - Clic Quiz - Statistiques

Statistiques générales
  • Ce quiz a été pris 5 930 fois
  • Le résultat moyen est 10 sur 20
Statistiques - réponses
Hint Réponse % Correct
On casse ta porte, c'est la Gestapo, j'vais t'retrouver, Meugui Columbo Sapés comme jamais
93%
Elle répondait au nom de ...... Bella
86%
Una mattina mi son svegliato, O ...... Bella Ciao
76%
...... , me demande pas pourquoi j'suis parti sans motif J’me tire
74%
Tu sais les mecs comme moi, très souvent ça déçoit, très souvent ça disparaît, ça fait de sales histoires Game Over
69%
Ma raison somnolait, ma conscience me conseillait, mon subconscient m'déconseillait Zombie
63%
J'ai retrouvé l'sourire quand j'ai vu l'bout du tunnel Est-ce que tu m'aimes ?
54%
Encore une matinée à m'demander comment j'vais combler tout ce vide que tu as laissé Tu vas me manquer
54%
Monsieur Djuna, je m'inquiète pour ton avenir, Monsieur le prof', tu ne connais pas l'avenir Laissez passer
49%
Mes amis entendaient la vie que j'ai eu, où les gens m'attendaient, je n'suis pas venu La même
49%
Ne me demande pas la Lune, j'ai beaucoup mieux pour toi Tout donner
48%
J'ai senti son odeur avant d'savoir qui c'était, je lui ai mis un ...... 10/10
40%
Faute ! Mets ta tête au sol Penalty ! Bienvenue : t'as le choix entre pâtes et riz Meurtre par strangulation
36%
Mon ami, mon avenir, ma vie, pardonne moi, ce visage inexpressif Changer
35%
Je n't'ai pas donné tout mon amour, je n't'ai pas fait mon plus beau discours Ma Beauté
27%
Encore une fois, j’ai dû disparaître, des fois, je t’aime, des fois, je te hais Brisé
25%
Okay, y'a toute une histoire derrière nous, comment tu veux que j'donne des news ? Caméléon
24%
Ce soir, je rentre seul, comme hier, avant-hier, l'impression que le monde me regarde de travers Malheur, Malheur
23%
Malgré le temps qui passe, j'espère, pourquoi je gagne et puis je perds ? Jusqu'ici tout va bien
15%
Comme la lune, la nuit apparaît dans ma vie, comme une étincelle, elle met le feu sous la pluie Reste
12%
Aucun quiz correspondant
Distribution des résultats
% des personnes avec chaque résultat
Percentile par nombre de réponses
Votre historique - résultats
Vous n’avez pas pris ce quiz